书目信息 |
| 题名: |
《汉语拼音正词法基本规则》解读
|
|
| 作者: | 董琨 主编 ;教育部 组编 | |
| 分册: | ||
| 出版信息: | 北京 语文出版社 2013.1 |
|
| 页数: | 147页 | |
| 开本: | 22cm | |
| 丛书名: | ||
| 单 册: | ||
| 中图分类: | H125.3 | |
| 科图分类: | ||
| 主题词: | 汉语拼音--基本知识 | |
| 电子资源: | ||
| ISBN: | 978-7-80241-590-4 | |
| 000 | 01130nam0 2200265 45 | |
| 001 | 1359676281 | |
| 005 | 20130529090940.75 | |
| 010 | @a978-7-80241-590-4@dCNY15.00 | |
| 100 | @a20130513d2013 em y0chiy0121 ea | |
| 101 | 0 | @achi |
| 102 | @aCN@b110000 | |
| 105 | @ay a 000yy | |
| 106 | @ar | |
| 200 | 1 | @a《汉语拼音正词法基本规则》解读@A《 Han Yu Pin Yin Zheng Ci Fa Ji Ben Gui Ze》 Jie Dou@f教育部语言文字信息管理司组编@FJiao Yu Bu Yu Yan Wen Zi Xin Xi Guan Li Si Zu Bian |
| 210 | @a北京@c语文出版社@d2013.1 | |
| 215 | @a147页@d22cm | |
| 314 | @a本书主编: 董琨 | |
| 320 | @a有书目 (第138-142页) | |
| 330 | @a本书内容包括: 什么是《汉语拼音正词法基本规则》、《基本规则》修订的必要性、《基本规则》修汀的步骤、《基本规则》修订的难点、《基本规则》修订的基本原则、《基本规则》修订的主要内容、词、书写单位、语节、音节、整体概念、连写、分写、单音节词、双音节词、双音节结构、三音节词、二音节结构等。 | |
| 606 | 0 | @a汉语拼音@x基本知识 |
| 690 | @aH125.3@v5 | |
| 701 | 0 | @a董琨@ADong Kun@4主编 |
| 712 | 02 | @a教育部@AJiao Yu Bu@b语言文字信息管理司@4组编 |
| 801 | @aCN@bTANGWEI@c20130522 | |
| 905 | @b0832992-97@dH125.3@e32@f6 | |
| 《汉语拼音正词法基本规则》解读/教育部语言文字信息管理司组编.-北京:语文出版社,2013.1 |
| 147页;22cm |
| ISBN 978-7-80241-590-4:CNY15.00 |
| 本书内容包括: 什么是《汉语拼音正词法基本规则》、《基本规则》修订的必要性、《基本规则》修汀的步骤、《基本规则》修订的难点、《基本规则》修订的基本原则、《基本规则》修订的主要内容、词、书写单位、语节、音节、整体概念、连写、分写、单音节词、双音节词、双音节结构、三音节词、二音节结构等。 |
| ● |
| 相关链接 |
|
|
|
|
正题名:《汉语拼音正词法基本规则》解读
索取号:H125.3/32
 
预约/预借
| 序号 | 登录号 | 条形码 | 馆藏地/架位号 | 状态 | 备注 |
| 1 | 0832992 | 208329922 | 第二样本阅览室/ [索取号:H125.3/32] | 在馆 | |
| 2 | 0832993 | 208329931 | 密集书库-文学院/ [索取号:H125.3/32] | 在馆 | |
| 3 | 0832994 | 208329940 | 第四借阅区/ [索取号:H125.3/32] | 在馆 | |
| 4 | 0832995 | 208329959 | 第四借阅区/ [索取号:H125.3/32] | 在馆 | |
| 5 | 0832996 | 208329968 | 第四借阅区/ [索取号:H125.3/32] | 在馆 | |
| 6 | 0832997 | 208329977 | 密集书库-文学院/ [索取号:H125.3/32] | 在馆 |